00414nam a2200133Ia 45000010005000000080041000050820021000461000089000672450051001562600024002075900007002319010027002389990015002651952241024s9999 xx 000 0 und d aRD/630.7/R426m/2 aRepública Dominicana. Secretaría de Estado de Educación, Bellas Artes y Cultos 0aModalidad Técnico-Profesional. Versión 2.0 bSanto Domingoc1993 asi a4/10/2011 4:06:05 p.m. c8013d8013